Revealing the universe (Record no. 7714)

MARC details
000 -LEADER
fixed length control field 00677nam a2200205Ia 4500
003 - CONTROL NUMBER IDENTIFIER
control field IN-BaIIA
008 - FIXED-LENGTH DATA ELEMENTS--GENERAL INFORMATION
fixed length control field 211028s9999 xx 000 0 eng d
020 ## - INTERNATIONAL STANDARD BOOK NUMBER
International Standard Book Number 0-262-03080-2
040 ## - CATALOGING SOURCE
Transcribing agency IIA Library
080 ## - UNIVERSAL DECIMAL CLASSIFICATION NUMBER
Universal Decimal Classification number 52
Item number COR
245 #0 - TITLE STATEMENT
Title Revealing the universe
Remainder of title prediction and proof in astronomy
Statement of responsibility, etc. edited by James Cornell and Allan P. Lightman
260 ## - PUBLICATION, DISTRIBUTION, ETC.
Place of publication, distribution, etc. Cambridge
Name of publisher, distributor, etc. MIT Press
Date of publication, distribution, etc. 1982
300 ## - PHYSICAL DESCRIPTION
Extent xiv, 246p.
500 ## - GENERAL NOTE
General note Donated by Mrs. Bappu
650 ## - SUBJECT ADDED ENTRY--TOPICAL TERM
Topical term or geographic name entry element Astronomy
9 (RLIN) 80
650 ## - SUBJECT ADDED ENTRY--TOPICAL TERM
Topical term or geographic name entry element Astronomy and Astrophysics Thesaurus
700 ## - ADDED ENTRY--PERSONAL NAME
Personal name Cornell, James., ed.
9 (RLIN) 10013
700 ## - ADDED ENTRY--PERSONAL NAME
Personal name Lightman, Allan P., ed.
9 (RLIN) 13044
942 ## - ADDED ENTRY ELEMENTS (KOHA)
Koha item type Books
Holdings
Withdrawn status Lost status Damaged status Not for loan Home library Current library Shelving location Date acquired Total Checkouts Full call number Barcode Date last seen Price effective from Koha item type
        IIA Library-Bangalore IIA Library-Bangalore General Stacks 26/07/1983   52/ COR 8529 05/11/2021 26/07/1983 Books

Powered by Koha